| Tag |
First Indicator |
Second Indicator |
Subfields |
| LEADER |
00000pam a2200000 a 4500 |
| 001 |
in00000076747 |
| 005 |
20151008053750.0 |
| 008 |
810127s1981 nyub 00000 eng |
| 010 |
|
|
|a 81000118
|
| 020 |
|
|
|a 0871965658
|
| 035 |
|
|
|a (OCoLC)07248482
|
| 035 |
|
|
|9 AAH8569AM
|
| 039 |
0 |
|
|a 2
|b 3
|c 3
|d 3
|e 3
|
| 040 |
|
|
|a DLC
|c DLC
|d TXA
|d UtOrBLW
|
| 043 |
|
|
|a e------
|
| 049 |
|
|
|a TXAM
|c [800343]
|
| 050 |
0 |
0 |
|a HF3497
|b .E87 1981
|
| 082 |
0 |
|
|a 658.8/05
|2 19
|
| 245 |
0 |
0 |
|a Europe, an exporter's handbook /
|c Paul Jenner, [compiler].
|
| 264 |
|
1 |
|a New York, NY :
|b Facts On File,
|c 1981.
|
| 300 |
|
|
|a 403 pages :
|b maps ;
|c 23 cm.
|
| 336 |
|
|
|a text
|b txt
|2 rdacontent
|
| 337 |
|
|
|a unmediated
|b n
|2 rdamedia
|
| 338 |
|
|
|a volume
|b nc
|2 rdacarrier
|
| 650 |
|
0 |
|a Marketing
|z Europe
|x Handbooks, manuals, etc.
|
| 651 |
|
0 |
|a Europe
|x Commerce
|x Handbooks, manuals, etc.
|
| 700 |
1 |
|
|a Jenner, Paul.
|
| 999 |
|
|
|a MARS
|
| 999 |
f |
f |
|s 027894d6-e50b-3384-87cc-e24ec2b6c634
|i 31c75487-1d75-36bd-9109-17db5e9a7a28
|t 0
|
| 952 |
f |
f |
|p ric
|a Texas A&M University
|b Rellis Campus
|c Joint Library Facility
|d Remote Storage
|t 0
|e HF3497 .E87 1981
|h Library of Congress classification
|i unmediated -- volume
|m A14806133890
|
| 998 |
f |
f |
|a HF3497 .E87 1981
|t 0
|l Remote Storage
|